[Event "Niedersachsen-ch op-C"]
[Site "Verden an der Aller"]
[Date "2020.01.04"]
[Round "6"]
[White "Therkorn, Kurt"]
[Black "Kloda, Justin"]
[Result "0-1"]
[WhiteElo "1647"]
[BlackElo "810"]
[PlyCount "106"]
[EventDate "2020.01.02"]
[EventType "swiss"]
[EventRounds "7"]
[EventCountry "GER"]
[SourceTitle "EXT 2023"]
[Source "ChessBase"]
[SourceDate "2022.10.05"]
[SourceVersion "1"]
[SourceVersionDate "2022.10.05"]
[SourceQuality "1"]

1. Nf3 d6 2. d4 Nf6 3. c4 e6 4. Nc3 Be7 5. h3 c6 6. Bf4 0-0 7. e3 Nbd7 8. Be2 c5 9. d5 exd5 10. Nxd5 Qa5+ 11. Nc3 d5 12. 0-0 dxc4 13. Bxc4 Nh5 14. Bh2 Bd8 15. Qc2 Bc7 16. Bxc7 Qxc7 17. Rad1 h6 18. Rd2 Ne5 19. Nxe5 Qxe5 20. Qe4 Qg5 21. Rd5 Nf6 22. Rxg5 Nxe4 23. Re5 Nd2 24. Rxc5 Nxf1 25. Kxf1 b6 26. Rc7 Be6 27. Bxe6 fxe6 28. Ke2 Rf7 29. Rc4 Rd7 30. Ne4 Rad8 31. Rc1 Rb7 32. a3 Rbb8 33. Rc7 a5 34. Rc6 Rdc8 35. Rxc8+ Rxc8 36. Nc3 Rc5 37. h4 b5 38. g3 b4 39. axb4 axb4 40. Nd1 Kf7 41. b3 Kf6 42. Kd3 g5 43. hxg5+ Rxg5 44. Kc4 Rd5 45. Nb2 Rd2 46. Nd3 Kf5 47. f3 Rg2 48. g4+ Kg5 49. Kxb4 Rg3 50. Ne1 e5 51. Ka5 e4 52. fxe4 Rxe3 53. e5 Rxe5+ 0-1